Uznesenie vlády SR k návrhu štátneho rozpočtu Slovenskej republiky na rok 2000 [štátny rozpočet Slovenskej republiky na rok 2000]

Gespeichert in:
Bibliographische Detailangaben
Format: Buch
Sprache:Slowakisch
Veröffentlicht: Bratislava Ministerstvo financií SR 1999
Schlagworte:
Tags: Tag hinzufügen
Keine Tags, Fügen Sie das erste Tag hinzu!

MARC

LEADER 00000nam a2200000 4500
001 c117538
005 20221102133016.6
041 0 |a slo 
044 |a SK 
245 1 0 |a Uznesenie vlády SR k návrhu štátneho rozpočtu Slovenskej republiky na rok 2000  |b [štátny rozpočet Slovenskej republiky na rok 2000] 
264 1 |a Bratislava  |b Ministerstvo financií SR  |c 1999 
300 |a Preruš. str. 
610 2 0 |a rozpočet štátny 
610 2 0 |a rozpočtovanie 
610 2 0 |a Slovensko 
610 2 0 |a vláda 
610 2 0 |a štát 
610 2 0 |a financie štátne 
610 2 0 |a financie verejné 
610 2 0 |a rozpočty 
610 2 0 |a 2000